مكتبة جامعة عجلون الوطنية

فهرس بحث المكتبة

Normal view MARC view
  • Reinforced concrete -- Building materials

Entry Topical Term

Number of records used in: 1

001 - CONTROL NUMBER

  • control field: 3906

003 - CONTROL NUMBER IDENTIFIER

  • control field: JO-AjAnu

005 - DATE AND TIME OF LATEST TRANSACTION

  • control field: 20230606070937.0

008 - FIXED-LENGTH DATA ELEMENTS

  • fixed length control field: 230606|| aca||aabn | a|a d

040 ## - CATALOGING SOURCE

  • Original cataloging agency: JO-AjAnu
  • Transcribing agency: JO-AjAnu

150 ## - HEADING--TOPICAL TERM

  • Topical term or geographic name entry element: Reinforced concrete -- Building materials

670 ## - SOURCE DATA FOUND

  • Source citation: Work cat.: (JO-AjAnu)2035: Singh, Gurcharan, Jagdish Singh, author 3905, Theory and design of R.C.C. structures (Including limit state design )